Diálogo de doctrina christiana / (Record no. 176360)

MARC details
000 -LEADER
campo de control de longitud fija 01237nam a2200301 4500
001 - NÚMERO DE CONTROL
campo de control 176360
003 - IDENTIFICADOR DE NÚMERO DE CONTROL
campo de control ES-MaACL
005 - FECHA Y HORA DE LA ÚLTIMA TRANSACCIÓN
campo de control 20250823063126.0
008 - DATOS DE LONGITUD FIJA--INFORMACIÓN GENERAL
campo de control de longitud fija 110111s2009 sp | |||||||| |dspa d ..|
015 ## - NÚMERO DE BIBLIOGRAFÍA NACIONAL
Número de bibliografía nacional MON0912
020 ## - NÚMERO INTERNACIONAL ESTÁNDAR DEL LIBRO
Número Internacional Estándar del Libro 978-84-220-1418-8 (BAC)
020 ## - NÚMERO INTERNACIONAL ESTÁNDAR DEL LIBRO
Número Internacional Estándar del Libro 978-84-362-5868-4 (UNED)
080 ## - NÚMERO DE LA CLASIFICACIÓN DECIMAL UNIVERSAL
Número de la Clasificación Decimal Universal 241(02)"15"
100 1# - ENTRADA PRINCIPAL--NOMBRE DE PERSONA
Nombre de persona Vives, Juan Luis,
Fechas asociadas al nombre 1492-1540
9 (RLIN) 115574
245 10 - MENCIÓN DEL TÍTULO
Título Diálogo de doctrina christiana /
Mención de responsabilidad, etc. Juan Luis Vives ; introducción, edición y notas de Francisco Calero Calero y Marco Antonio Coronel Ramos.
260 ## - PUBLICACIÓN, DISTRIBUCIÓN, ETC.
Lugar de publicación, distribución, etc. Madrid :
Nombre del editor, distribuidor, etc. Biblioteca de Autores Cristianos :
-- Universidad Nacional de Educación a Distancia,
Fecha de publicación, distribución, etc. 2009.
300 ## - DESCRIPCIÓN FÍSICA
Extensión XII, 672 p. ;
Dimensiones 20 cm.
490 1# - MENCIÓN DE SERIE
Mención de serie Collectio Scriptorum mediaevalium et renascentium ;
Designación de volumen o secuencia 4
490 1# - MENCIÓN DE SERIE
Mención de serie Biblioteca de Autores Cristianos ;
Designación de volumen o secuencia 687
504 ## - NOTA DE BIBLIOGRAFÍA, ETC.
Nota de bibliografía, etc. Bibliografía: p. 452-470.
650 ## - PUNTO DE ACCESO ADICIONAL DE MATERIA--TÉRMINO DE MATERIA
Término de materia o nombre geográfico como elemento de entrada Moral cristiana-
Subdivisión de forma Obras anteriores a 1800.
9 (RLIN) 144661
700 1# - ENTRADA AGREGADA--NOMBRE PERSONAL
Nombre de persona Calero, Francisco.
9 (RLIN) 33652
700 1# - ENTRADA AGREGADA--NOMBRE PERSONAL
Nombre de persona Coronel Ramos, Marco Antonio.
9 (RLIN) 144662
830 0# - PUNTO DE ACCESO ADICIONAL DE SERIE-TÍTULO UNIFORME
Título uniforme Collectio Scriptorum mediaevalium et renascentium ;
Designación de volumen o secuencia 4
9 (RLIN) 190009
830 00 - PUNTO DE ACCESO ADICIONAL DE SERIE-TÍTULO UNIFORME
Título uniforme Biblioteca de autores cristianos
Designación de volumen o secuencia 687
9 (RLIN) 178679
852 ## - LOCALIZACIÓN
Ubicación ES-MaACL
Número de control de estantería J-675
Holdings
Estatus retirado Estado de pérdida Estado de daño No para préstamo Biblioteca de origen Biblioteca actual Ubicación en estantería Fecha de adquisición Fuente de adquisición Total de préstamos Signatura topográfica completa Código de barras Visto por última vez Precio de reemplazo Tipo de ítem Koha
        Biblioteca del Ateneo de Madrid Biblioteca del Ateneo de Madrid Depósito 2 11/01/2011     J-675 1185218 23/02/2023 23/02/2023 Libro impreso